CPA review of theory and practice (Record no. 62495)
[ view plain ]
| 000 -LEADER | |
|---|---|
| fixed length control field | 01533nam a2200241 a 4500 |
| 008 - FIXED-LENGTH DATA ELEMENTS--GENERAL INFORMATION | |
| fixed length control field | 120416s1983 ||||||||||||||||| || u |
| 020 ## - INTERNATIONAL STANDARD BOOK NUMBER | |
| International Standard Book Number | 0201078112 |
| 050 ## - LIBRARY OF CONGRESS CALL NUMBER | |
| Classification number | HF 5661 Fra |
| 100 ## - MAIN ENTRY--PERSONAL NAME | |
| Personal name | Francisco, Albert K |
| 245 10 - TITLE STATEMENT | |
| Title | CPA review of theory and practice |
| 250 ## - EDITION STATEMENT | |
| Edition statement | 1983-1984 |
| 260 ## - PUBLICATION, DISTRIBUTION, ETC. | |
| Place of publication, distribution, etc. | Reading, Mass. |
| Name of publisher, distributor, etc. | Addison-Wesley |
| Date of publication, distribution, etc. | 1983 |
| 300 ## - PHYSICAL DESCRIPTION | |
| Extent | xvi, 791p. |
| 350 ## - | |
| -- | 0.00 |
| 650 ## - SUBJECT ADDED ENTRY--TOPICAL TERM | |
| Topical term or geographic name entry element | ACCOUNTING--EXAMINATIONS, QUESTIONS, ETC |
| 995 ## - | |
| -- | ANNEX COLLECTION (Main Library) |
| -- | 0.00 |
| -- | 713099 |
| -- | CBU-MAIN LIBRARY (Kitwe) |
| -- | 3 |
| -- | 18.00 |
| -- | HF 5661 Fra |
| -- | 1 |
| -- | AVAILABLE |
| -- | 007290 |
| -- | Annex Low-Usage Collection |
| 995 ## - | |
| -- | ANNEX COLLECTION (Main Library) |
| -- | 0.00 |
| -- | 713100 |
| -- | CBU-MAIN LIBRARY (Kitwe) |
| -- | 1 |
| -- | 18.00 |
| -- | HF 5661 Fra |
| -- | AVAILABLE |
| -- | 007289 |
| -- | Annex Low-Usage Collection |
| 995 ## - | |
| -- | TEXTBOOKS (SB) |
| -- | 0.00 |
| -- | 1300 |
| -- | CBU-SCHOOL TEXTBOOK COLLECTIONS |
| -- | 1 |
| -- | 0.00 |
| -- | SCHOOL TEXTBOOK |
| -- | 4 |
| -- | AVAILABLE |
| -- | Sep 16, 2009 |
| -- | 1300 |
| -- | School Collections |
| 995 ## - | |
| -- | TEXTBOOKS (SB) |
| -- | 0.00 |
| -- | 1303 |
| -- | CBU-MAIN LIBRARY (Kitwe) |
| -- | 1 |
| -- | 0.00 |
| -- | SCHOOL TEXTBOOK |
| -- | 7 |
| -- | AVAILABLE |
| -- | Sep 16, 2009 |
| -- | 1303 |
| -- | School Collections |
| 995 ## - | |
| -- | ANNEX COLLECTION (Main Library) |
| -- | 0.00 |
| -- | 713098 |
| -- | CBU-MAIN LIBRARY (Kitwe) |
| -- | 2 |
| -- | 18.00 |
| -- | HF 5661 Fra |
| -- | 2 |
| -- | AVAILABLE |
| -- | 007291 |
| -- | Annex Low-Usage Collection |
| 995 ## - | |
| -- | TEXTBOOKS (SB) |
| -- | 0.00 |
| -- | 1301 |
| -- | CBU-SCHOOL TEXTBOOK COLLECTIONS |
| -- | 1 |
| -- | 0.00 |
| -- | SCHOOL TEXTBOOK |
| -- | 5 |
| -- | AVAILABLE |
| -- | Sep 16, 2009 |
| -- | 1301 |
| -- | School Collections |
| 995 ## - | |
| -- | TEXTBOOKS (SB) |
| -- | 0.00 |
| -- | 1302 |
| -- | CBU-SCHOOL TEXTBOOK COLLECTIONS |
| -- | 1 |
| -- | 0.00 |
| -- | SCHOOL TEXTBOOK |
| -- | 6 |
| -- | AVAILABLE |
| -- | Sep 16, 2009 |
| -- | 1302 |
| -- | School Collections |
| 999 ## - | |
| -- | 62495 |
| -- | 62495 |
| Withdrawn status | Lost status | Source of classification or shelving scheme | Damaged status | Not for loan | Permanent Location | Current Location | Shelving location | Date acquired | Total Checkouts | Full call number | Barcode | Date last seen | Price effective from | Koha item type | Copy number |
|---|---|---|---|---|---|---|---|---|---|---|---|---|---|---|---|
| CBU-MAIN LIBRARY, KITWE. | CBU-MAIN LIBRARY, KITWE. | 12/11/2022 | HF 5661 Fra | 007290 | 12/11/2022 | 12/11/2022 | MONOGRAPH | ||||||||
| CBU-MAIN LIBRARY, KITWE. | CBU-MAIN LIBRARY, KITWE. | 12/11/2022 | HF 5661 Fra | 007289 | 12/11/2022 | 12/11/2022 | MONOGRAPH | ||||||||
| CBU-MAIN LIBRARY, KITWE. | CBU-MAIN LIBRARY, KITWE. | (SB) School collections | 12/11/2022 | TEXTBOOK COLLECTION | 1300 | 12/11/2022 | 12/11/2022 | MONOGRAPH | 1 | ||||||
| CBU-MAIN LIBRARY, KITWE. | CBU-MAIN LIBRARY, KITWE. | (SB) School collections | 12/11/2022 | TEXTBOOK COLLECTION | 1303 | 12/11/2022 | 12/11/2022 | MONOGRAPH | |||||||
| Withdrawn | CBU-MAIN LIBRARY, KITWE. | CBU-MAIN LIBRARY, KITWE. | 12/11/2022 | HF 5661 Fra | 007291 | 12/11/2022 | 12/11/2022 | MONOGRAPH | |||||||
| CBU-MAIN LIBRARY, KITWE. | CBU-MAIN LIBRARY, KITWE. | (SB) School collections | 12/11/2022 | TEXTBOOK COLLECTION | 1301 | 12/11/2022 | 12/11/2022 | MONOGRAPH | |||||||
| CBU-MAIN LIBRARY, KITWE. | CBU-MAIN LIBRARY, KITWE. | 12/11/2022 | HF 5661 Fra | 1302 | 12/11/2022 | 12/11/2022 | MONOGRAPH | 2 |